000 00358nam a22001577a 4500
003 MPLRDC
005 20220104143511.0
008 210129b ||||| |||| 00| 0 eng d
082 _a995 LLQ
100 _a凌乐群编
245 _a趣味游戏百科
_c
260 _a
_b大方文化事业公司
_c
300 _b
650 _a
942 _cBK
_o995 LLQ
999 _c40515
_d40505